[Event "Hospitalet de Llobregat Ponce 11th"]
[Site "Hospitalet de Llobregat"]
[Date "2022.04.30"]
[Round "2"]
[White "Lopez Baena, David"]
[Black "Boloix Pahissa, Xavier"]
[Result "1-0"]
[WhiteElo "1906"]
[BlackElo "1705"]
[PlyCount "81"]
[EventDate "2022.04.23"]
[EventType "swiss"]
[EventRounds "9"]
[EventCountry "ESP"]
[SourceTitle "EXT 2023"]
[Source "ChessBase"]
[SourceDate "2022.10.05"]
[SourceVersion "1"]
[SourceVersionDate "2022.10.05"]
[SourceQuality "1"]

1. e4 e6 2. d3 c5 3. Nf3 d6 4. g3 Nc6 5. Bg2 h6 6. 0-0 Nf6 7. a4 b6 8. Re1 e5 9. Nbd2 Be6 10. Nc4 Qd7 11. c3 Bxc4 12. dxc4 Be7 13. Nh4 g6 14. h3 Nh5 15. Nf5 0-0-0 16. Nxe7+ Nxe7 17. a5 Kb8 18. axb6 axb6 19. b4 Nc8 20. Re2 Qb7 21. Rea2 Rd7 22. Qd5 Qxd5 23. cxd5 Ra7 24. Ba3 Nf6 25. f3 Nd7 26. Bf1 Kc7 27. Bb5 Ne7 28. bxc5 bxc5 29. Bc1 Rb7 30. c4 g5 31. Bd2 Nb6 32. Ra6 Rhb8 33. Ba5 Nec8 34. Bc6 Ne7 35. Bxb7 Rxb7 36. Rb1 Nec8 37. h4 f6 38. Kg2 gxh4 39. gxh4 h5 40. Kf2 Kb8 41. Raxb6 1-0

[Event "Hospitalet de Llobregat op 4th"]
[Site "Hospitalet de Llobregat"]
[Date "2019.05.18"]
[Round "6"]
[White "Pinilla Sanchez, Josep A"]
[Black "Boloix Pahissa, Xavier"]
[Result "0-1"]
[WhiteElo "1811"]
[BlackElo "1845"]
[PlyCount "44"]
[EventDate "2019.04.06"]
[EventType "swiss"]
[EventRounds "9"]
[EventCountry "ESP"]
[SourceTitle "CBM 190 Extra"]
[Source "ChessBase"]
[SourceDate "2019.07.15"]
[SourceVersion "1"]
[SourceVersionDate "2019.07.15"]
[SourceQuality "1"]

1. Nf3 f5 2. c4 Nf6 3. d3 d6 4. Nc3 e5 5. e4 Be7 6. Be2 0-0 7. 0-0 f4 8. d4 Nbd7 9. c5 h6 10. Re1 g5 11. cxd6 cxd6 12. Nb5 a6 13. dxe5 dxe5 14. Nd6 Qc7 15. Nf5 Nc5 16. Nxh6+ Kh7 17. Nf5 Nfxe4 18. Nxe7 Qxe7 19. Qc2 Bf5 20. Qc4 Rad8 21. b4 b5 22. Nxg5+ Qxg5 0-1

[Event "Cornella Pinol Memorial 5th"]
[Site "Cornella de Llobregat"]
[Date "2017.10.23"]
[Round "5"]
[White "Boloix Pahissa, Xavier"]
[Black "Oliver Martinez Fornes, Carlos"]
[Result "1/2-1/2"]
[WhiteElo "1873"]
[BlackElo "2136"]
[PlyCount "37"]
[EventDate "2017.09.25"]
[EventType "swiss"]
[EventRounds "9"]
[EventCountry "ESP"]
[SourceTitle "CBM 181 Extra"]
[Source "ChessBase"]
[SourceDate "2017.12.12"]
[SourceVersion "1"]
[SourceVersionDate "2017.12.12"]
[SourceQuality "1"]

1. e4 e6 2. d4 d5 3. e5 c5 4. c3 Nc6 5. Nf3 Bd7 6. Bd3 Qc7 7. 0-0 f6 8. Qe2 0-0-0 9. Bf4 c4 10. Bc2 g5 11. Bg3 Qb6 12. b3 g4 13. Nfd2 f5 14. bxc4 Qb2 15. cxd5 Qxc2 16. dxc6 Bxc6 17. Qc4 Rd5 18. Qb3 Qd3 19. a4 1/2-1/2

[Event "Sant Boi op 29th"]
[Site "Sant Boi de Llobregat"]
[Date "2017.06.09"]
[Round "8"]
[White "Boloix Pahissa, Xavier"]
[Black "Castells Pagan, Raul"]
[Result "1-0"]
[WhiteElo "1849"]
[BlackElo "1826"]
[PlyCount "79"]
[EventDate "2017.04.21"]
[EventType "swiss"]
[EventRounds "9"]
[EventCountry "ESP"]
[SourceTitle "CBM 187 Extra"]
[Source "ChessBase"]
[SourceDate "2018.11.04"]
[SourceVersion "1"]
[SourceVersionDate "2018.11.04"]
[SourceQuality "1"]

1. e4 c5 2. Nc3 Nc6 3. g3 g6 4. Bg2 Bg7 5. d3 d6 6. Nge2 e6 7. Be3 Nge7 8. Qd2 0-0 9. h4 b5 10. h5 b4 11. Nd1 Bh8 12. hxg6 fxg6 13. f4 Bd7 14. c3 Rc8 15. Nf2 e5 16. Nh3 Bf6 17. f5 gxf5 18. Bh6 Rf7 19. Ng5 Bxg5 20. Qxg5+ Ng6 21. Qxd8+ Nxd8 22. exf5 Bxf5 23. Kd2 Be6 24. Be3 d5 25. d4 exd4 26. cxd4 c4 27. Rh5 Ne7 28. a3 bxa3 29. Rxa3 Rb8 30. Kc1 Ndc6 31. Nf4 Bf5 32. Nxd5 Rg7 33. Nxe7+ Nxe7 34. Bf4 Rb3 35. d5 Rxa3 36. bxa3 Bd7 37. d6 Nf5 38. Bd5+ Kf8 39. Be5 Rg4 40. Rxh7 1-0

[Event "Cornella de Llobregat op"]
[Site "Cornella de Llobregat"]
[Date "2017.05.22"]
[Round "6"]
[White "Girona Flores, Ladislau"]
[Black "Boloix Pahissa, Xavier"]
[Result "1-0"]
[WhiteElo "1653"]
[BlackElo "2023"]
[PlyCount "43"]
[EventDate "2017.04.03"]
[EventType "swiss"]
[EventRounds "7"]
[EventCountry "ESP"]
[SourceTitle "EXT 2018"]
[Source "ChessBase"]
[SourceDate "2017.10.13"]
[SourceVersion "1"]
[SourceVersionDate "2017.10.13"]
[SourceQuality "1"]

1. d4 e6 2. Bf4 Nf6 3. e3 b6 4. Nd2 Bb7 5. h3 Be7 6. Ngf3 Ne4 7. Be2 0-0 8. Nxe4 Bxe4 9. Bd3 f5 10. Qe2 d6 11. h4 h6 12. Bxe4 fxe4 13. Nd2 d5 14. Qg4 Rf5 15. Bxh6 Qf8 16. 0-0-0 Nd7 17. Bf4 c5 18. h5 cxd4 19. Qg6 Qf7 20. Qxf7+ Rxf7 21. h6 e5 22. h7+ 1-0

[Event "Sant Boi op 29th"]
[Site "Sant Boi de Llobregat"]
[Date "2017.05.12"]
[Round "4"]
[White "Miguel Centeno, David"]
[Black "Boloix Pahissa, Xavier"]
[Result "1-0"]
[WhiteElo "2058"]
[BlackElo "1849"]
[PlyCount "71"]
[EventDate "2017.04.21"]
[EventType "swiss"]
[EventRounds "9"]
[EventCountry "ESP"]
[SourceTitle "CBM 187 Extra"]
[Source "ChessBase"]
[SourceDate "2018.11.04"]
[SourceVersion "1"]
[SourceVersionDate "2018.11.04"]
[SourceQuality "1"]

1. e4 e6 2. d4 d5 3. e5 c5 4. c3 Nc6 5. Nf3 Qb6 6. a3 cxd4 7. cxd4 Nge7 8. Bd3 Bd7 9. Bc2 a5 10. Nc3 Ng6 11. 0-0 Be7 12. Be3 Rc8 13. Re1 Na7 14. Bd3 Qd8 15. g3 Nf8 16. h4 h6 17. Nh2 h5 18. Nf3 b5 19. Bg5 Nh7 20. Bxe7 Qxe7 21. Qe2 Rb8 22. Rec1 g6 23. Qd2 0-0 24. Ne2 Rfc8 25. Qxa5 Bc6 26. Nd2 Be8 27. Rxc8 Rxc8 28. Nb3 g5 29. Bxh7+ Kxh7 30. hxg5 Rc2 31. Nf4 Rxb2 32. Qc3 Rxb3 33. Qxb3 Nc6 34. Qd3+ Kh8 35. Nxh5 Qxg5 36. Nf6 1-0

[Event "Sant Boi op 29th"]
[Site "Sant Boi de Llobregat"]
[Date "2017.04.21"]
[Round "1"]
[White "Chalmeta Torredemer, Josep"]
[Black "Boloix Pahissa, Xavier"]
[Result "1/2-1/2"]
[WhiteElo "2083"]
[BlackElo "1849"]
[PlyCount "106"]
[EventDate "2017.04.21"]
[EventType "swiss"]
[EventRounds "9"]
[EventCountry "ESP"]
[SourceTitle "CBM 187 Extra"]
[Source "ChessBase"]
[SourceDate "2018.11.04"]
[SourceVersion "1"]
[SourceVersionDate "2018.11.04"]
[SourceQuality "1"]

1. d4 Nf6 2. c4 e6 3. Nf3 b6 4. a3 Bb7 5. Nc3 Be7 6. d5 d6 7. e4 e5 8. Bd3 a5 9. 0-0 0-0 10. h3 Nbd7 11. Be3 Nh5 12. g3 g6 13. Bh6 Ng7 14. g4 f6 15. Kg2 Nc5 16. Bc2 Qd7 17. Rg1 Rf7 18. Kh2 Bc8 19. b4 axb4 20. axb4 Rxa1 21. Qxa1 Na6 22. Qb1 Qd8 23. Bd3 Ne8 24. Nb5 Kh8 25. Na7 Bb7 26. Nc6 Qd7 27. Qa2 Bf8 28. Be3 Qc8 29. Qa3 Ng7 30. Bh6 Ne8 31. Bxf8 Rxf8 32. Nh4 Rf7 33. Ra1 Nb8 34. Qa4 Ng7 35. Nxb8 Qxb8 36. Rc1 Bc8 37. Rc3 Bd7 38. Qc2 Qf8 39. c5 bxc5 40. bxc5 f5 41. gxf5 gxf5 42. Nxf5 Nxf5 43. exf5 Bxf5 44. Bxf5 Rxf5 45. Kg2 Qf7 46. Qd2 e4 47. Qd4+ Qg7+ 48. Qxg7+ Kxg7 49. cxd6 cxd6 50. Re3 Re5 51. Kg3 Kf6 52. Kf4 Rxd5 53. Rxe4 Rf5+ 1/2-1/2

[Event "Cornella Pinol Memorial 4th"]
[Site "Cornella de Llobregat"]
[Date "2016.10.03"]
[Round "2"]
[White "Boloix Pahissa, Xavier"]
[Black "Castrillo Mansego, Pablo"]
[Result "1/2-1/2"]
[WhiteElo "1799"]
[BlackElo "2020"]
[PlyCount "67"]
[EventDate "2016.09.26"]
[EventType "swiss"]
[EventRounds "9"]
[EventCountry "ESP"]
[SourceTitle "EXT 2018"]
[Source "ChessBase"]
[SourceDate "2017.10.13"]
[SourceVersion "1"]
[SourceVersionDate "2017.10.13"]
[SourceQuality "1"]

1. e4 c5 2. d4 cxd4 3. c3 d3 4. Bxd3 g6 5. f4 Bg7 6. Nf3 d6 7. h3 Nc6 8. Be3 e6 9. 0-0 Nge7 10. Nbd2 0-0 11. Qc2 d5 12. Rad1 Bd7 13. Nb3 b6 14. Nbd4 Rc8 15. Qf2 Qc7 16. Ba6 Rcd8 17. e5 f6 18. exf6 Rxf6 19. Qd2 Rdf8 20. Rde1 Nf5 21. Nxf5 Rxf5 22. g3 Ne7 23. Nh4 R5f7 24. g4 e5 25. Ng2 Bc6 26. fxe5 Bxe5 27. Rxf7 Rxf7 28. Kh1 Bg3 29. Rf1 Be5 30. Rxf7 Kxf7 31. Qf2+ Kg8 32. Bh6 Bg7 33. Bxg7 Kxg7 34. Kg1 1/2-1/2

[Event "Cornella de Llobregat Vallve Pinol 3rd"]
[Site "Cornella de Llobregat"]
[Date "2015.11.02"]
[Round "6.10"]
[White "Miguel Centeno, David"]
[Black "Boloix Pahissa, Xavier"]
[Result "1-0"]
[WhiteElo "2174"]
[BlackElo "1969"]
[PlyCount "113"]
[EventDate "2015.09.21"]
[EventType "swiss"]
[EventRounds "9"]
[EventCountry "ESP"]
[SourceTitle "EXT 2024"]
[Source "ChessBase"]
[SourceDate "2023.10.10"]
[SourceVersion "1"]
[SourceVersionDate "2023.10.10"]
[SourceQuality "1"]

1. e4 e6 2. d4 d5 3. Nc3 dxe4 4. Nxe4 Nf6 5. Bg5 Be7 6. Bxf6 Bxf6 7. Nf3 0-0 8. Bd3 Bxd4 9. Neg5 g6 10. Nxh7 Bxb2 11. Nxf8 Bxa1 12. Qxa1 Qxf8 13. h4 Qg7 14. Qc1 Nd7 15. h5 Nf8 16. hxg6 fxg6 17. Rh3 e5 18. Rg3 Bd7 19. Ng5 Qf6 20. Ne4 Qg7 21. Qg5 Bf5 22. Nf6+ Kf7 23. Nh5 Qh8 24. Bxf5 Qxh5 25. Qxh5 gxh5 26. Rh3 Ne6 27. Rxh5 Ng7 28. Rh7 Rd8 29. Be4 c6 30. Rh3 Rd4 31. Bd3 Rg4 32. g3 Ra4 33. Rh4 Rxh4 34. gxh4 Kf6 35. Ke2 Ne8 36. Kf3 Nd6 37. Kg4 e4 38. Bf1 Nf5 39. Kf4 Nxh4 40. Kxe4 Nf5 41. Bh3 Nd6+ 42. Kd4 b6 43. Bd7 Nb5+ 44. Kc4 Nd6+ 45. Kd4 Nf5+ 46. Kc4 Nd6+ 47. Kd4 Nf5+ 48. Kc3 c5 49. Bxf5 Kxf5 50. Kc4 Ke4 51. Kb5 Kd4 52. f4 Ke4 53. Ka6 Kxf4 54. Kxa7 c4 55. Kxb6 Ke3 56. Kc5 c3 57. Kc4 1-0

[Event "Cornella de Llobregat Vallve Pinol 3rd"]
[Site "Cornella de Llobregat"]
[Date "2015.09.21"]
[Round "1.1"]
[White "Boloix Pahissa, Xavier"]
[Black "Gonzalez Perez, Arian"]
[Result "0-1"]
[WhiteElo "1969"]
[BlackElo "2538"]
[PlyCount "102"]
[EventDate "2015.09.21"]
[EventType "swiss"]
[EventRounds "9"]
[EventCountry "ESP"]
[SourceTitle "EXT 2024"]
[Source "ChessBase"]
[SourceDate "2023.10.10"]
[SourceVersion "1"]
[SourceVersionDate "2023.10.10"]
[SourceQuality "1"]

1. e4 c5 2. Nc3 Nc6 3. g3 g6 4. Bg2 Bg7 5. d3 d6 6. Be3 e5 7. Qd2 Nd4 8. Nd5 Be6 9. c3 Nc6 10. Ne2 Nge7 11. Nxe7 Nxe7 12. Bh6 0-0 13. Bxg7 Kxg7 14. f4 Qb6 15. c4 f6 16. h3 Nc6 17. g4 exf4 18. Nxf4 Nd4 19. 0-0 a5 20. Ne2 Qb4 21. Rfd1 Qxd2 22. Rxd2 a4 23. Nxd4 cxd4 24. Rb1 Bd7 25. b4 axb3 26. axb3 Ra3 27. b4 b6 28. Rf1 Rb3 29. b5 Ra3 30. Rf4 g5 31. Rf3 Be8 32. Rf5 Bf7 33. Bf1 Ra1 34. Kh2 Bg6 35. Rf3 Kf7 36. Rdf2 Ke7 37. Kg3 h5 38. Kg2 h4 39. Kh2 Be8 40. Kg2 Bd7 41. Kh2 Bc8 42. Kg2 f5 43. gxf5 Kf6 44. Rd2 Bd7 45. Rff2 Rfa8 46. Kf3 Be8 47. Kg4 Bf7 48. Kf3 Re1 49. Kg2 Raa1 50. Ra2 Rxf1 51. Ra6 Rg1+ 0-1

[Event "Sant Boi de Llobregat op 21st"]
[Site "Sant Boi de Llobregat"]
[Date "2009.05.08"]
[Round "2.1"]
[White "Boloix Pahissa, Xavier"]
[Black "Munoz Pantoja, Miguel Angel"]
[Result "0-1"]
[WhiteElo "1972"]
[BlackElo "2447"]
[PlyCount "62"]
[EventDate "2009.04.24"]
[EventType "swiss"]
[EventRounds "8"]
[EventCountry "ESP"]
[SourceTitle "EXT 2024"]
[Source "ChessBase"]
[SourceDate "2023.10.10"]
[SourceVersion "1"]
[SourceVersionDate "2023.10.10"]
[SourceQuality "1"]

1. d4 Nf6 2. Bf4 g6 3. e3 Bg7 4. h3 0-0 5. Nd2 d6 6. Ngf3 c5 7. c3 Nc6 8. Be2 Nd5 9. Bh2 cxd4 10. exd4 e5 11. Nb3 e4 12. Ng1 Kh8 13. Qd2 f5 14. c4 Nde7 15. Bf4 a5 16. a4 Qb6 17. Bd1 Nxd4 18. Nxd4 Bxd4 19. Rb1 Be6 20. Be2 Bxf2+ 21. Kf1 d5 22. Be5+ Kg8 23. Bd1 Be3 24. Qc2 Rac8 25. b3 d4 26. Qb2 f4 27. Ne2 f3 28. Nxd4 fxg2+ 29. Kxg2 Rf2+ 30. Qxf2 Bxf2 31. Kxf2 Nf5 0-1

[Event "Sant Boi de Llobregat op 20th"]
[Site "Sant Boi de Llobregat"]
[Date "2008.05.30"]
[Round "5.9"]
[White "Boloix Pahissa, Xavier"]
[Black "Fernandez Diez, Antonio Maria"]
[Result "0-1"]
[WhiteElo "1914"]
[BlackElo "2070"]
[PlyCount "54"]
[EventDate "2008.04.25"]
[EventType "swiss"]
[EventRounds "8"]
[EventCountry "ESP"]
[SourceTitle "EXT 2024"]
[Source "ChessBase"]
[SourceDate "2023.10.10"]
[SourceVersion "1"]
[SourceVersionDate "2023.10.10"]
[SourceQuality "1"]

1. e4 g6 2. g3 Bg7 3. Bg2 c5 4. d3 Nc6 5. Nc3 d6 6. Be3 e5 7. Qd2 h5 8. h3 Be6 9. Nf3 Nge7 10. Ng5 Bd7 11. Nd5 Nxd5 12. exd5 Nd4 13. Bxd4 cxd4 14. Ne4 Bf5 15. Qb4 Bxe4 16. dxe4 0-0 17. 0-0-0 Qc7 18. Kb1 Rfc8 19. Qb3 a5 20. f4 a4 21. Qd3 Ra5 22. Rhf1 Rc5 23. Rf2 a3 24. b3 Rc3 25. Qe2 Re3 26. Qd2 Bh6 27. Qb4 Rc3 0-1

[Event "Catalunya-chT"]
[Site "Barcelona"]
[Date "2002.??.??"]
[Round "3"]
[White "Melchor Munoz, Alejandro"]
[Black "Boloix Pahissa, Xavier"]
[Result "1-0"]
[WhiteElo "2040"]
[BlackElo "2025"]
[PlyCount "97"]
[EventDate "2002.??.??"]
[EventType "team"]
[EventRounds "9"]
[EventCountry "ESP"]
[SourceTitle "EXT 2008"]
[Source "ChessBase"]
[SourceDate "2007.11.25"]
[SourceVersion "1"]
[SourceVersionDate "2007.11.25"]
[SourceQuality "1"]

1. e4 e6 2. d4 d5 3. Nc3 Nf6 4. Bg5 Bb4 5. e5 h6 6. exf6 hxg5 7. fxg7 Rg8 8. Qd2 Qf6 9. Nf3 c5 10. 0-0-0 Rxg7 11. Qe3 Bxc3 12. Qxc3 c4 13. Qe3 Nc6 14. h4 g4 15. Ne5 Bd7 16. Be2 Nxe5 17. dxe5 Qe7 18. g3 b6 19. Kb1 Rc8 20. c3 f5 21. exf6 Qxf6 22. Rd4 Rc5 23. Rf4 Qg6+ 24. Ka1 Qh5 25. Bxg4 Rxg4 26. Qf3 d4 27. Rxg4 Rf5 28. Qa8+ Ke7 29. Rxd4 Rxf2 30. Rhd1 Be8 31. Qxa7+ Kf8 32. Qxb6 Qe2 33. Qd6+ Kg8 34. R4d2 Qf3 35. Qxe6+ Bf7 36. Qh6 Rxd2 37. Qxd2 Kh7 38. Qd4 Bg6 39. g4 Bd3 40. Re1 Qf7 41. Qc5 Kg8 42. Qg5+ Kh8 43. Qh5+ Qxh5 44. gxh5 Kh7 45. Re6 Kg7 46. a4 Kf7 47. Rb6 Kg7 48. a5 Be4 49. a6 1-0

[Event "Ideal Clave op"]
[Site "Barcelona"]
[Date "1997.09.27"]
[Round "1"]
[White "Batllori Rafecas, Josep Maria"]
[Black "Boloix Pahissa, Xavier"]
[Result "0-1"]
[WhiteElo "1830"]
[BlackElo "2005"]
[PlyCount "68"]
[EventDate "1997.09.??"]
[EventType "swiss"]
[EventRounds "9"]
[EventCountry "ESP"]
[SourceTitle "EXT 2003"]
[Source "ChessBase"]
[SourceDate "2002.11.25"]
[SourceVersion "1"]
[SourceVersionDate "2002.11.25"]
[SourceQuality "1"]

1. d4 f5 2. e3 Nf6 3. Bd3 g6 4. Nf3 d6 5. c3 c6 6. Qc2 Bg7 7. Nbd2 Qc7 8. 0-0 e5 9. dxe5 dxe5 10. e4 f4 11. h3 Be6 12. c4 Nbd7 13. b4 c5 14. b5 h6 15. Bb2 g5 16. Rfd1 g4 17. hxg4 Bxg4 18. Be2 0-0-0 19. Kf1 h5 20. Nh4 Bxe2+ 21. Kxe2 Ng4 22. Nf5 Bh6 23. Ne7+ Kb8 24. Nd5 Qd6 25. Nf3 Qg6 26. Rg1 Rhe8 27. Bc3 Ndf6 28. Nxf6 Nxf6 29. Bxe5+ Kc8 30. Qc3 Nxe4 31. Qb2 Qe6 32. Rac1 Bg7 33. Rge1 Bxe5 34. Qa3 Bb2 0-1